LEADER 01184nam a2200241 u 4500 001 000000076306 003 CaOOAMICUS 005 20070226123209.0 008 031119s1990 pl u000 u pol u 035 $a10976877 040 $aPUL(R)$bita 100 1 $aWo?oszyn, Tedeusz,$cS.I.$0(OLS)http://pul/name/50755 245 10$aReligijnosc a dzia?ania uznane za wazne w okresie przemian spo?ecznich w Polsce 1973-1981-1982 :$bstudium na podstawie badan katolików ...w Warszawie i Radomiu /$cTadeusz Wo?oszyn. 260 $aWarszawa :$bBobolanum,$c1990. 300 $a219 p. ;$c20 cm 500 $aContiene indici. 504 $aBibliografia in appendice. 651 4$aPolonia$xStoria$ySec. XX.$0(OLS)http://pul/subject/26595 850 $aPUL 852 $aPUL$W1$xSL Filosofia 1$y2$m130 A 37$j98049$nBK-PRI$b $qStampati$B98049$CPULBib$Z2$F98049 $H67045 $81 941 1 $a8 996 $6245$aReligijnosc a dzia?ania uznane za wazne w okresie przemian spo?ecznich w Polsce 1973-1981-1982 :$bstudium na podstawie badan katolików ...w Warszawie i Radomiu$9(OLS)http://pul/title/100103 996 $6260$aWarszawa :$bBobolanum$9(OLS)http://pul/publisher/61332 LEADER 01540nam a2200265 a 4500 001 000000151682 003 CaOOAMICUS 005 20160512150924.0 008 160512s2016 it frm z000 0 por r 032 $aLibriCat 040 $aPUL$bita 100 1 $aPereira Filho,Orivaldo.$0(OLS)http://pul/name/96539 245 12$aO dever missionário dos fiéis leigos na ordem temporal um estudio do cãn. 225 do C.I.C 1983 e sua aplicabilidade com particular refêrencia ao Doc.62 da CNBB:$bAbordagem histórico-jurídico-pastoral /$cOrivaldo Pereira Filho. 260 $aRoma :$b[s.n.],$c2016. 300 $a168 p.;$c24 cm 502 $aEstratto da Tesi di Dottorato-- Pontificia Universitas Lateranensis--Facoltà di Diritto Canonico--Roma, 2016. 504 $aBibliografia: p. [149]-164. 650 4$aLibertà religiosa$zAlbania.$0(OLS)http://pul/subject/34563 650 4$aLibertà religiosa$xDiritto internazionale.$0(OLS)http://pul/subject/42714 710 2 $aPontificia Università Lateranense.$bFacoltà di diritto canonico.$kTesi.$0(OLS)http://pul/name/81682 850 $aPUL 852 $aPUL$W1$xDP1 Tesi Pon Univ. Lateranense$y41$m2016 C 10$j174602$qTesi$B177158$CPULBib$Z2$F177158 $81 996 $6245$aO dever missionário dos fiéis leigos na ordem temporal um estudio do cãn. 225 do C.I.C 1983 e sua aplicabilidade com particular refêrencia ao Doc.62 da CNBB:$bAbordagem histórico-jurídico-pastoral$9(OLS)http://pul/title/190968 996 $6260$aRoma :$b[s.n.]$9(OLS)http://pul/publisher/47958